000 nam a22 7a 4500
999 _c49791
_d49791
003 OSt
005 20200228163142.0
008 200228b xxu||||| |||| 00| 0 eng d
040 _csero soft
100 _aUpadhyaya,Dr.J.J.R
245 _aEnvioronment Law
260 _aAllahabad
_bCLA
300 _a533
942 _2ddc
_c02